000 00785nam a22002537a 4500
001 3889
003 FISKH
005 20240521145754.0
008 240521b cb ||||| |||| 00| 0 eng d
040 _aFISK
_beng
_cFISK
_dFISK
050 _aPZ7.M53328
082 _a813.6
100 _aMercer Sienna
_d1956-
245 _aSwitched /
_cSienna Mercer
260 _aNew York :
_bScholastic,
_c2007
300 _a199 pages :
_c20 cm
505 _aM
520 _aUpon moving to Franklin Grove, eighth-grader Olivia Abbott, a pink-loving cheerleader, learns that she has a twin sister, Ivy Vega, whose "goth" appearance hides a weird secret.
521 8 _a650
_bLexiles
521 8 _aM
_bRaz-Plus
700 _aSienna Mercer
942 _2ddc
_cBK
_n0
999 _c3889
_d3889